Statistics for Cities by Homicide Rate

Click here to take the quiz!

General Stats

  • This quiz has been taken 16 times
  • The average score is 16 of 50

Answer Stats

Homicide RateCountryCity% Correct
68.28South AfricaCape Town
87%
74.65VenezuelaCaracas
87%
43.48GuatemalaGuatemala City
80%
36.21South AfricaJohannesburg
80%
54.01United States (Puerto Rico)San Juan
80%
134.24MexicoTijuana
80%
38.07MexicoGuadalajara
73%
45.24ColombiaCali
67%
40.54South AfricaDurban
67%
57.59JamaicaKingston
67%
40.96HondurasTegucigalpa
67%
58.64United StatesBaltimore
60%
40.74United StatesDetroit
60%
45.54MexicoCancún
53%
104.54MexicoCiudad Juárez
53%
35.55BrazilRecife
53%
71.61MexicoAcapulco
47%
34.47BrazilFortaleza
47%
35.07MexicoLéon
47%
47.47BrazilSalvador
47%
64.54United StatesSt. Louis
47%
40.22BrazilManaus
40%
45.80South AfricaNelson Mandela Bay
40%
48.32BrazilNatal
27%
55.21HondurasSan Pedro Sula
27%
35.41VenezuelaValencia
27%
41.70MexicoChihuahua
20%
57.80VenezuelaCiudad Guayana
13%
42.11VenezuelaBarquisimeto
7%
51.01VenezuelaCiudad Bolívar
7%
49.41MexicoCuliacán
7%
34.05BrazilMaceió
7%
36.57MexicoReynosa
7%
60.01BrazilVitória da Conquista
7%
44.31BrazilCaruaru
0%
49.87MexicoCelaya
0%
38.27MexicoCiudad Victoria
0%
35.56ColombiaCúcuta
0%
50.91MexicoCuernavaca
0%
52.12MexicoEnsenada
0%
56.76BrazilFeira de Santana
0%
80.74MexicoIrapuato
0%
34.98VenezuelaMaturin
0%
35.75MexicoMinatitlán
0%
39.65MexicoMorelia
0%
80.72MexicoObregón
0%
39.68ColombiaPalmira
0%
44.93BrazilRio Branco
0%
85.54MexicoUruapan
0%
42.95MexicoZacatecas
0%

Score Distribution

Percentile by Number Answered

Percent of People with Each Score

Your Score History

You have not taken this quiz